| 000 | 00521nam a22001937a 4500 | ||
|---|---|---|---|
| 003 | OSt | ||
| 005 | 20160210150212.0 | ||
| 008 | 160210b xxu||||| |||| 00| 0 eng d | ||
| 020 | _a9780521717335 | ||
| 040 | _cDNLM | ||
| 082 | _aWR140 E23r 2010 | ||
| 100 |
_aedited by Wolf, Ronni [et....al] _96767 |
||
| 245 | _aEmergency dermatology | ||
| 260 | _aCambridge University Press, 2010 | ||
| 300 | _axii,363p; col.ill: 29cm | ||
| 504 | _aReferences, & index included | ||
| 650 |
_aDermatology _9502 |
||
| 942 |
_2z _cO_SHELF |
||
| 999 |
_c3025 _d3025 |
||